000 01069nas a2200313 4500
001 BR2021000555
003 BR-BrBNA
005 20231205132219.0
007 ta
008 230509b bl.|||p| |||| 00| 00por d
040 _aBR-BrBNA
_bpor
_cBiblioteca Nacional de Agricultura
041 _a(Pt)
072 _aF61; F04
100 1 _aCarvalho, J.S. de
100 1 _aBizerra, E.C.
100 1 _aMarques, P.R.R.
100 1 _aDonato, S.L.R.
100 1 _aMagalhães, D.B.
100 1 _aRampazzo, M.C.
245 1 _aCaracterísticas fitotécnicas e nutricionais de bananeiras submetidas a fontes de fertilizantes para o manejo orgânico
650 _aESTERCO
650 _aSUSTENTABILIDADE
650 _aBANANA
773 0 _tNativa. Pesquisas Agrárias e Ambientais (Brazil)
_xISSN 2318-7670
_g(May-Jun 2020), v. 8(3) p. 367-375
_wBR2021000555
856 4 0 _uhttps://periodicoscientificos.ufmt.br/ojs/index.php/nativa/article/view/8424/7144
856 4 0 _dLink DSPACE/MAPA BR2021000555
909 _a202311
_bLúcia
_c55
_dLúcia Elande
942 _2AGRIS
_n0
_cANA
999 _c259100
_d259100